Hardy spaces and potential theory on C[superscript 1] domains in Riemannian manifolds /
Guardado en:
| Autor Principal: | |
|---|---|
| Formato: | Libro |
| Idioma: | English |
| Publicado: |
Providence, R.I. :
American Mathematical Society,
c2008.
|
| Series: | Memoirs of the American Mathematical Society,
no. 894 |
| Materias: | |
| Etiquetas: |
Agregar Etiqueta
Sin Etiquetas, Sea el primero en etiquetar este registro!
|
| LEADER | 01143cam a22002777a 4500 | ||
|---|---|---|---|
| 001 | MAT.inmabb004814 | ||
| 008 | 070912s2008####riu######b####000#0#eng## | ||
| 005 | 20171010155728.0 | ||
| 245 | 1 | 0 | |a Hardy spaces and potential theory on C[superscript 1] domains in Riemannian manifolds / |c Martin Dindos. |
| 260 | |a Providence, R.I. : |b American Mathematical Society, |c c2008. | ||
| 300 | |a vi, 78 p. ; |c 26 cm. | ||
| 440 | 0 | |a Memoirs of the American Mathematical Society, |x 0065-9266 ; |v no. 894 | |
| 500 | |a "Volume 191, number 894 (fourth of 5 numbers)." | ||
| 504 | |a Incluye referencias bibliográficas (p. 77-78). | ||
| 510 | 4 | |a MR, |c 2009c:42048 | |
| 020 | |a 9780821840436 (pbk. : alk. paper) | ||
| 020 | |a 0821840436 (pbk. : alk. paper) | ||
| 100 | 1 | |a Dindos, Martin. | |
| 246 | 3 | |a Hardy spaces and potential theory on C1 domains in Riemannian manifolds | |
| 650 | 0 | |a Hardy spaces. | |
| 650 | 0 | |a Riemannian manifolds. | |
| 650 | 0 | |a Potential theory (Mathematics) | |
| 084 | |a 42B30 (30D55 31C12 42B20 46E15 58J32) |2 msc2000 | ||
| 010 | |a 2007060557 | ||
| 040 | |a DLC |c DLC |d YDX |d BAKER |d BTCTA |d YDXCP |d NDD |d DLC | ||
| 859 | |k H |p MAMS-894 |b BIB. MATEMATICA | ||
